000 00444nam a2200181Ia 4500
001 7316
005 20260306160446.0
008 260306t2005||||xx |||||||||||||| ||spa||
041 _aESP
082 _a338.5
_bN54A
100 _aNicholson, Walter
_eAUT
245 0 _aMicroeconomĂ­a intermedia y sus aplicaciones
260 _c2005
300 _axxiii, 615 páginas :
_c24 cm.
650 _aGEN
654 _aCAN
942 _cLIB
_dJUS
_fJUS
_2ddc
_n
999 _c7316
_d7316